<?xml version="1.0" encoding="UTF-8"?>
<record
    xmlns:xsi="http://www.w3.org/2001/XMLSchema-instance"
    xsi:schemaLocation="http://www.loc.gov/MARC21/slim http://www.loc.gov/standards/marcxml/schema/MARC21slim.xsd"
    xmlns="http://www.loc.gov/MARC21/slim">

  <leader>02141nam a2200349   4500</leader>
  <controlfield tag="001">114628</controlfield>
  <controlfield tag="003">DR-UNIBE</controlfield>
  <controlfield tag="005">20260518135828.0</controlfield>
  <controlfield tag="008">260508b2006    sp ||||| |||| 00| 1 spa d</controlfield>
  <datafield tag="020" ind1=" " ind2=" ">
    <subfield code="a">8497937783</subfield>
  </datafield>
  <datafield tag="020" ind1=" " ind2=" ">
    <subfield code="a">9788497937788</subfield>
  </datafield>
  <datafield tag="040" ind1=" " ind2=" ">
    <subfield code="a">BIBLIOTECA UNIBE</subfield>
    <subfield code="b">spa</subfield>
    <subfield code="c">BIBLIOTECA UNIBE</subfield>
  </datafield>
  <datafield tag="041" ind1=" " ind2=" ">
    <subfield code="a">spa</subfield>
  </datafield>
  <datafield tag="082" ind1=" " ind2=" ">
    <subfield code="2">22</subfield>
    <subfield code="a">853.92 F187y</subfield>
  </datafield>
  <datafield tag="100" ind1="1" ind2=" ">
    <subfield code="9">204638</subfield>
    <subfield code="a">Faletti, Giorgio,</subfield>
    <subfield code="d">1950-2014</subfield>
    <subfield code="e">autor</subfield>
  </datafield>
  <datafield tag="240" ind1="1" ind2="0">
    <subfield code="a">Io uccido. </subfield>
    <subfield code="l">Spanish</subfield>
  </datafield>
  <datafield tag="245" ind1="1" ind2="0">
    <subfield code="a">Yo mato /</subfield>
    <subfield code="c">Giorgio Faletti</subfield>
  </datafield>
  <datafield tag="250" ind1=" " ind2=" ">
    <subfield code="a">Primera edici&#xF3;n</subfield>
  </datafield>
  <datafield tag="260" ind1=" " ind2=" ">
    <subfield code="a">Barcelona :</subfield>
    <subfield code="b">Debolsillo,</subfield>
    <subfield code="c">2006</subfield>
  </datafield>
  <datafield tag="300" ind1=" " ind2=" ">
    <subfield code="a">632 p&#xE1;ginas ;</subfield>
    <subfield code="c">20 cm</subfield>
  </datafield>
  <datafield tag="490" ind1=" " ind2=" ">
    <subfield code="a">Biblioteca Giorgio Faletti ;</subfield>
    <subfield code="v">637/1</subfield>
  </datafield>
  <datafield tag="500" ind1=" " ind2=" ">
    <subfield code="a">T&#xED;tulo original: Io uccido</subfield>
  </datafield>
  <datafield tag="520" ind1="3" ind2=" ">
    <subfield code="a">Un locutor de Radio Montercarlo recibe una noche durante su programa una llamada telef&#xF3;nica asombrosa: alguien revela que es un asesino. El hecho se pasa por alto, como una broma de p&#xE9;simo gusto; sin embargo, al d&#xED;a siguiente un famoso piloto de f&#xF3;rmula uno y su novia aparecen en su barco, muertos y horrendamente mutilados. Se inicia as&#xED; una serie de asesinatos, cada uno precedido de una llamada a Radio Montecarlo con una pista musical sobre la pr&#xF3;xima v&#xED;ctima, cada uno subrayado por un mensaje escrito con sangre en el escenario del crimen, que es al mismo tiempo una firma y una provocaci&#xF3;n: &#xAB;Yo mato&#xBB;. Para Frank Ottobre, agente del FBI, y Nicolas Hulot, comisario de la S&#xFB;ret&#xE9; monegasca, comienza la caza de un escurridizo fantasma que tiene aterrorizada a la opini&#xF3;n p&#xFA;blica: nunca hubo un asesino en serie en el principado de M&#xF3;naco. Ahora lo hay, y de su b&#xFA;squeda nadie va a salir indemne. Yo mato es un thriller pleno de acci&#xF3;n e intriga, con un desarrollo narrativo tan maduro como absorbente.</subfield>
  </datafield>
  <datafield tag="650" ind1=" " ind2="7">
    <subfield code="2">lemb</subfield>
    <subfield code="a">Novela italiana</subfield>
    <subfield code="9">222</subfield>
  </datafield>
  <datafield tag="650" ind1=" " ind2="7">
    <subfield code="2">lemb</subfield>
    <subfield code="a">Novela de ciencia ficci&#xF3;n italiana</subfield>
    <subfield code="9">205002</subfield>
  </datafield>
  <datafield tag="650" ind1=" " ind2="7">
    <subfield code="2">lemb</subfield>
    <subfield code="a">Literatura italiana</subfield>
  </datafield>
  <datafield tag="650" ind1=" " ind2="0">
    <subfield code="a">Asesinos en serie</subfield>
    <subfield code="v">Ficci&#xF3;n</subfield>
    <subfield code="9">205003</subfield>
  </datafield>
  <datafield tag="655" ind1=" " ind2="7">
    <subfield code="2">lemb</subfield>
    <subfield code="a">Novela de ciencia ficci&#xF3;n</subfield>
    <subfield code="9">173994</subfield>
  </datafield>
  <datafield tag="655" ind1=" " ind2="4">
    <subfield code="a">Crimen de ciencia ficci&#xF3;n y misterio</subfield>
    <subfield code="9">204627</subfield>
  </datafield>
  <datafield tag="700" ind1="1" ind2=" ">
    <subfield code="a">Corgatelli, Rosa S.</subfield>
    <subfield code="e">traductor</subfield>
    <subfield code="9">147761</subfield>
  </datafield>
  <datafield tag="942" ind1=" " ind2=" ">
    <subfield code="2">ddc</subfield>
    <subfield code="c">BK</subfield>
  </datafield>
  <datafield tag="999" ind1=" " ind2=" ">
    <subfield code="c">114628</subfield>
    <subfield code="d">114628</subfield>
  </datafield>
  <datafield tag="952" ind1=" " ind2=" ">
    <subfield code="0">0</subfield>
    <subfield code="1">0</subfield>
    <subfield code="2">ddc</subfield>
    <subfield code="7">0</subfield>
    <subfield code="8">GEN</subfield>
    <subfield code="a">Principal</subfield>
    <subfield code="d">2026-03-06</subfield>
    <subfield code="l">0</subfield>
    <subfield code="o">853.92 F187y</subfield>
    <subfield code="p">260248</subfield>
    <subfield code="r">2026-05-08 11:52:13</subfield>
    <subfield code="t">Ej. 1</subfield>
    <subfield code="w">2026-05-08</subfield>
    <subfield code="y">BK</subfield>
  </datafield>
</record>
